000 01456nam a2200277Ia 4500
999 _c54982
_d54982
001 22053
003 GE_BSU
005 20220929161854.0
008 181216s2011||||ge |||||||||||||| ||geo||
020 _a9789941131929
040 _cGE_BSU
041 _ageo
080 _a821.353.1(092 ვაჟა-ფშაველა)(075.8) ქ-88
100 _aქურდოვანიძე, თეიმურაზ
_93290
245 _aვაჟა ფშაველა და ქართული ფოლკლორი /
_c თეიმურაზ ქურდოვანიძე ; რედაქტორი თემურ ჯაგოდნიშვილი.
264 _aთბილისი
_bთბილ. უნ-ტის გამ-ბა,
_c2011.
300 _a322 გვ. ;
_c20 სმ.
541 _h15ლ.
653 _aვაჟა ფშაველა და ქართული ფოლკლორი
653 _aქართული ფოლკლორი
653 _aვაჟა-ფშაველა, 1841-1915
653 _aქართული ლიტერატურა
700 _a ჯაგოდნიშვილი, თემურ
_eრედაქტორი
_914895
710 _aივანე ჯავახიშვილის სახელობის თბილისის სახელმწიფო უნივერსიტეტიტი.
_910231
942 _cBK
_2udc